banner-ar

حرب الايام السبعه على لبنان ( عملية تصفية الحسابات 31-25\7\1993 ) / (Record no. 55760)

MARC details
000 -الفاتح
حقل البيانات ثابتة الطول 00802nam a2200205Ia 4500
008 - عناصر البيانات ثابتة الطول - معلومات عامة
حقل البيانات ثابتة الطول 140319s9999 xx 000 0 ara d
040 ## - مصدر الفهرسة
وكالة الفهرسة الأصلية GCL /
وكالة النسخ GCL
082 04 - رقم تصنيف ديوى العشرى
رقم التصنيف 956.609
رقم المادة م ح
100 1# - المدخل الرئيسى - إسم شخصى
الإسم الشخصى محمد سويد (اعداد)
245 10 - بيان العنوان
العنوان حرب الايام السبعه على لبنان ( عملية تصفية الحسابات 31-25\7\1993 ) /
بيان المسئوليه,etc محمد سويد (اعداد)
700 1# - المدخل الاضافى - اسم شخصى
الإسم الشخصى هانى عبدالله
700 1# - المدخل الاضافى - اسم شخصى
الإسم الشخصى سمير صراحى (مترجم)
260 ## - PUBLICATION, DISTRIBUTION, ETC. (IMPRINT)
تاريخ النشر أو التوزيع 1993
300 ## - الوصف المادى
التعداد 224 ص
490 ## - بيان السلسلة
عنوان السلسلة سلسلة كتب تسجيلية رقم 12
رقم المجلد/ التعيين التسلسلي 0
650 04 - المدخل الاضافى بالموضوع-مصطلح موضوعى
مصطلح موضوعي النزاع العربى الاسرائيلى
650 04 - المدخل الاضافى بالموضوع-مصطلح موضوعى
مصطلح موضوعي لبنان - تاريخ - الحرب الاهلية
942 ## - عناصر المدخل الإضافي( كوها)
مصدر التصنيف او مخطط الترفيف Dewey Decimal Classification
Koha [default] item type كتاب
260 ## - PUBLICATION, DISTRIBUTION, ETC. (IMPRINT)
-- [S.N] :
-- مؤسسة الدراسات الفلسطينية ،
Holdings
حالة التراجع حالة الفقد حالة تلف ليس للاعارة المكان المؤقت الموقع الحالى تاريخ الاكتساب اجمالي اﻻعارات رقم الطلب الباركود تاريخ اخر مشاهدة تاريخ تفعيل السعر نوع وعاء كوها
        مكتبة القاهرة الكبرى مكتبة القاهرة الكبرى 03/26/2014   956.609\م ح 133855 03/26/2014 03/26/2014 كتاب

Powered By

EGPV